Statistics for beyblade metal fusion Beys to User

Click here to take the quiz!

General Stats

  • This quiz has been taken 350 times
  • The average score is 8 of 15

Answer Stats

hintsAnswer% Correct
SagittarioKenta
87%
L-DragoRyuga
87%
PegasusGingka
81%
LeoneKyoya
80%
EagleTsubasa
77%
LibraYu
76%
BullBenkei
69%
AquariumHikaru
45%
AriesHyoma
45%
CyberSora
32%
CapricornTobio
30%
GasherTetsuya
25%
SerpentReiji
24%
FireblazePheonix
14%
PiscesRyuutarou
4%

Score Distribution

Percentile by Number Answered

Percent of People with Each Score

Your Score History

You have not taken this quiz